SOIL MICROBIOLOGY (Record no. 8138)

MARC details
000 -LEADER
fixed length control field 00426nam a22001817a 4500
005 - DATE AND TIME OF LATEST TRANSACTION
control field 20230110103841.0
008 - FIXED-LENGTH DATA ELEMENTS--GENERAL INFORMATION
fixed length control field 221220b |||||||| |||| 00| 0 eng d
020 ## - INTERNATIONAL STANDARD BOOK NUMBER
ISBN 97893-86479-891
041 ## - LANGUAGE CODE
Language code of text/sound track or separate title eng
082 ## - DEWEY DECIMAL CLASSIFICATION NUMBER
Classification number 631.46 RAO-S
100 ## - MAIN ENTRY--AUTHOR NAME
Personal name RAO, N S ., SUBBA
245 ## - TITLE STATEMENT
Title SOIL MICROBIOLOGY
250 ## - EDITION STATEMENT
Edition statement 5th ed.
260 ## - PUBLICATION, DISTRIBUTION, ETC. (IMPRINT)
Name of publisher MED TECH
Year of publication 2020
300 ## - PHYSICAL DESCRIPTION
Number of Pages 409;P.
650 ## - SUBJECT ADDED ENTRY--TOPICAL TERM
Topical Term AGRICULTURE
942 ## - ADDED ENTRY ELEMENTS (KOHA)
Koha item type Books
Holdings
Lost status Damaged status Collection code Home library Current library Shelving location Date acquired Source of acquisition Cost, normal purchase price Full call number Accession Number Koha item type
    Reference JRU Library JRU Library SHELF-2-B 10/11/2022 LOHIA BOOK INTERNATIONAL 645.00 631.46-RAO-S 27125 Books
    AGRICULTURE JRU Library JRU Library SHELF-44-F 10/11/2022 LOHIA BOOK INTERNATIONAL 645.00 631.46-RAO-S 27126 Books
    AGRICULTURE JRU Library JRU Library SHELF-44-F 10/11/2022 LOHIA BOOK INTERNATIONAL 645.00 631.46-RAO-S 27127 Books
    AGRICULTURE JRU Library JRU Library SHELF-44-F 10/11/2022 LOHIA BOOK INTERNATIONAL 645.00 631.46-RAO-S 27128 Books
    AGRICULTURE JRU Library JRU Library SHELF-44-F 10/11/2022 LOHIA BOOK INTERNATIONAL 645.00 631.46-RAO-S 27129 Books